00758nam a2200241 a 4500001001300000003000900013005001700022008004100039020001000080082002000090100004000110245003200150260002200182300000900204500003500213505005600248650001700304700004000321902000800361942000700369952012300376999001700499nice12345678IN_TiNIC20260116015301.0050524s1997 dhaa grp 000 0 eng  ac10000a305.480297bWOM aWomen Living Under Muslim Law, Wlum aPlan of Actionb Dhaka 1997 aDhakabWlumc1997 a24p. aincludes index and biblioraphy2 aThesis for post graduate diploma in Islamic studies aMuslim Women1 aWomen Living Under Muslim Law, Wlum bSRS cBK 001040708StackRoom-aHMIbHMId2007-05-18g100.00l0o305.480297 WOMp11000964r2007-05-18v100.00w2005-05-24yBK c19064d19064